Guess the Lyrics - 80's #3 - Statistics

General Stats
  • This quiz has been taken 69 times
  • The average score is 91 of 218
Answer Stats
Answer % Correct
a
100%
I
92%
you
92%
The
89%
the
89%
and
84%
And
84%
to
82%
When
77%
me
72%
me,
72%
it
67%
my
66%
in
62%
No
62%
no
62%
of
62%
are
61%
they
61%
that
59%
want
56%
for
54%
It's
54%
it's
54%
day
49%
one
49%
I'm
48%
ever
46%
was
46%
All
44%
take
41%
their
41%
I've
39%
had
38%
should
38%
feel
34%
Mad
34%
up
34%
way
34%
world
34%
every
33%
Look
31%
look
31%
tell
31%
people
30%
right
30%
best
28%
Going
28%
going
28%
good
28%
around
26%
'cause
26%
head,
25%
knew
23%
Went
23%
through
21%
which
21%
hard
20%
kind
20%
places,
20%
run
20%
what's
20%
dreams
18%
Mad World
18%
sad
18%
very,
18%
very
18%
faces
16%
familiar
16%
find
16%
Made
16%
circles
15%
dying
15%
tomorrow,
15%
tomorrow
15%
child
13%
funny
13%
Happy
13%
happy
13%
school
13%
tears
13%
waiting
13%
Worn-out
13%
worn-out
13%
daily
11%
races
11%
sorrow
11%
birthday,
10%
birthday
10%
Children
10%
drown
10%
Hello,
10%
nervous
10%
nowhere,
10%
nowhere
10%
Sit
10%
sit
10%
Tears for Fears
10%
Bright
8%
early
8%
expression,
8%
expression
8%
filling
8%
glasses
8%
lesson
8%
listen,
8%
listen
8%
teacher,
8%
Hide
7%
Halargian
2%
No matching quizzes found
Score Distribution
Percent of People with Each Score
Percentile by Number Answered
Your Score History
You have not taken this quiz